A dictionary of marketing / (Record no. 3231)

000 -LEADER
fixed length control field 00826cam a2200277 a 4500
003 - CONTROL NUMBER IDENTIFIER
control field OSt
005 - DATE AND TIME OF LATEST TRANSACTION
control field 20220218090506.0
008 - FIXED-LENGTH DATA ELEMENTS--GENERAL INFORMATION
fixed length control field 110628s2011 enka d 000 0 eng d
020 ## - INTERNATIONAL STANDARD BOOK NUMBER
International Standard Book Number 9780199590230
020 ## - INTERNATIONAL STANDARD BOOK NUMBER
International Standard Book Number 0199590230
040 ## - CATALOGING SOURCE
Transcribing agency DEBBG
042 ## - AUTHENTICATION CODE
Authentication code lccopycat
050 00 - LIBRARY OF CONGRESS CALL NUMBER
Classification number REF HF541
Item number .D69 2011
084 ## - OTHER CLASSIFICATION NUMBER
Classification number QP 600
Number source rvk
084 ## - OTHER CLASSIFICATION NUMBER
Classification number WIR 810f
Number source stub
100 1# - MAIN ENTRY--PERSONAL NAME
Personal name Doyle, Charles,
Dates associated with a name 1959-
245 12 - TITLE STATEMENT
Title A dictionary of marketing /
Statement of responsibility, etc. Charles Doyle.
260 ## - PUBLICATION, DISTRIBUTION, ETC.
Place of publication, distribution, etc. Oxford ;
-- New York :
Name of publisher, distributor, etc. Oxford University Press,
Date of publication, distribution, etc. c2011.
300 ## - PHYSICAL DESCRIPTION
Extent x, 436 p. :
Other physical details ill. ;
Dimensions 20 cm.
650 #0 - SUBJECT ADDED ENTRY--TOPICAL TERM
Topical term or geographic name entry element Marketing
Form subdivision Dictionaries.
650 #0 - SUBJECT ADDED ENTRY--TOPICAL TERM
Topical term or geographic name entry element Marketing
Form subdivision Terminology.
650 07 - SUBJECT ADDED ENTRY--TOPICAL TERM
Topical term or geographic name entry element Marketing.
Source of heading or term swd
906 ## - LOCAL DATA ELEMENT F, LDF (RLIN)
a 7
b cbc
c copycat
d 2
e ncip
f 20
g y-gencatlg
942 ## - ADDED ENTRY ELEMENTS (KOHA)
Source of classification or shelving scheme
Koha item type References
Suppress in OPAC SO
Holdings
Withdrawn status Lost status Source of classification or shelving scheme Damaged status Not for loan Permanent Location Current Location Shelving location Date acquired Source of acquisition Total Checkouts Full call number Barcode Date last seen Price effective from Koha item type Public note
          AU LIBRARY AU LIBRARY Reference 02.09.2021 DONATION FROM MOI UNIVERSITY   REF HF541 .D69 2011 28003665 02.09.2021 02.09.2021 References SO

Powered by Koha